000 00556nam a2200181Ia 4500
008 100917s9999 xx 000 0 und d
082 _b65039
100 _aधुरी विरेंद्र
245 _aचितेवरची फुले
260 _bडिंपल पब्लिकेशन्स
_c1984
300 _a124
365 _b22
520 _aकादंबरी
630 _aचितेवरची फुले
650 _aकादंबरी
730 _aचितेवरची फुले
942 _cBOOK
999 _c670433
_d670430